| 000 -LEADER |
| fixed length control field |
00659nam a22001697a 4500 |
| 020 ## - INTERNATIONAL STANDARD BOOK NUMBER |
| ISBN |
9781350369016 |
| 082 ## - DEWEY DECIMAL CLASSIFICATION NUMBER |
| Classification number |
155.2 |
| Item number |
M358 2024 |
| 100 ## - MAIN ENTRY--AUTHOR NAME |
| Personal name |
Marraffa, Massimo, author. |
| 245 ## - TITLE STATEMENT |
| Title |
The developmental psychology of personal identity : a philosophical perspective / Massimo Marraffa and Cristina Meini. |
| 260 ## - PUBLICATION, DISTRIBUTION, ETC. (IMPRINT) |
| Place of publication |
London ; New York ; Oxford ; New Delhi ; Sydney : |
| Name of publisher |
Bloomsbury Publishing Plc, |
| Year of publication |
2024 |
| 300 ## - PHYSICAL DESCRIPTION |
| Number of Pages |
1 online resource, xi, 228 pages. |
| 500 ## - GENERAL NOTE |
| General note |
Includes bibliographical references and index. |
| 650 ## - SUBJECT ADDED ENTRY--TOPICAL TERM |
| Topical Term |
Personality development. |
| 650 ## - SUBJECT ADDED ENTRY--TOPICAL TERM |
| Topical Term |
Developmental psychology. |
| 700 ## - ADDED ENTRY--PERSONAL NAME |
| Personal name |
Meini, Cristina, author. |
| 942 ## - ADDED ENTRY ELEMENTS (KOHA) |
| Koha item type |
Electronic Books |